000 00506nam a22001697a 4500
003 OSt
005 20221031160550.0
008 221031b |||||||| |||| 00| 0 eng d
020 _a84-7795-136-5
040 _cBiblioteca Lado V
082 _2708
_aM294p
100 _9259
_aMuñoz Ibañez, Manuel
_edireccion
245 _aPintura Contemporánea Nicaragüense/
260 _aNicaragua
_bDiputación de Valencia
_c1998
300 _a127p.
_c22x25cm
942 _2ddc
_c1
_h708
_iM294p
_n0
999 _c2430
_d2430